Państwa Afryki z pustą mapą - Statystyki

Ogólne statystyki
  • Ten quiz został rozwiązany 24 672 razy
  • Średni wynik to 44 z 54
Odpowiedzi na mapie
Odpowiedzi zakodowano w zielono-czerwonej skali na mapie do tego quizu, zgodnie z poniższymi procentami.
 
Statystyki odpowiedzi
Państwo % Poprawnych
Egipt
98%
Republika Południowej Afryki
97%
Algieria
95%
Demokratyczna Republika Konga
94%
Niger
94%
Maroko
93%
Nigeria
93%
Libia
92%
Sudan
92%
Kongo
91%
Czad
90%
Etiopia
89%
Kenia
88%
Sudan Południowy
88%
Angola
87%
Tunezja
87%
Madagaskar
86%
Mali
86%
Somalia
86%
Senegal
85%
Zambia
85%
Gwinea
84%
Wybrzeże Kości Słoniowej
84%
Zimbabwe
84%
Lesotho
83%
Republika Środkowoafrykańska
83%
Mauretania
82%
Tanzania
82%
Erytrea
81%
Ghana
81%
Kamerun
80%
Uganda
80%
Botswana
79%
Mozambik
79%
Namibia
79%
Togo
79%
Gwinea Równikowa
78%
Gambia
76%
Eswatini
75%
Gwinea Bissau
75%
Liberia
75%
Rwanda
75%
Burkina Faso
74%
Gabon
74%
Benin
73%
Dżibuti
71%
Seszele
71%
Republika Zielonego Przylądka
70%
Malawi
69%
Sierra Leone
69%
Burundi
67%
Mauritius
67%
Wyspy Świętego Tomasza i Książeca
66%
Komory
64%
Nie znaleziono quizów pasujących do podanych kryteriów
Rozkład punktacji
Procent ludzi z każdym wynikiem
Percentyl według liczby udzielonych odpowiedzi
Twoja historia wyników
Nie rozwiązałeś tego quizu